Multiple Choice City Quiz – Madrid - Statistics

General Stats
  • This quiz has been taken 13,227 times
  • The average score is 6 of 10
Answer Stats
Question Answer % Correct
Which of these characters was created by Miguel de Cervantes? Don Quixote
86%
Who is the top goalscorer in Real Madrid history? Cristiano Ronaldo
75%
What is Madrid's most famous art museum? El Prado
72%
In which Spanish kingdom was Madrid located? Castille
70%
What is something that is legal in Madrid but banned in Barcelona? Bullfighting
69%
Which of these famous streets can be found in Madrid? Gran Via
62%
Whose remains were exhumed from the the Valley of the Fallen cemetery in 2019 and reburied elsewhere? Francisco Franco
61%
What former capital is located about 65 km southwest of Madrid? Toledo
56%
Which of these artworks was painted by Francisco Goya?
43%
On what river is Madrid located? Manzanares
41%
No matching quizzes found
Score Distribution
Percent of People with Each Score
Percentile by Number Answered
Your Score History
You have not taken this quiz